| 000 | 00614nam a2200229Ia 4500 | ||
|---|---|---|---|
| 003 | OSt | ||
| 005 | 20220209120150.0 | ||
| 008 | 210210b2004 xxu||||| |||| 00| 0 eng d | ||
| 020 | _a81 259 1612 1 | ||
| 040 |
_aAL _c |
||
| 041 | _aEng | ||
| 082 | _a657.046 MAHA | ||
| 100 |
_aMAHESHWARI (S N) and MASHESHWARI (S K). _918409 |
||
| 245 | _aAdvanced accountancy. V2. Rev Ed 9. | ||
| 260 |
_aNew Delhi. _bVikas Publishing House Pvt Ltd. _c2004 |
||
| 300 | _axvii,3.324 | ||
| 440 |
_a2 _918410 |
||
| 650 |
_aAdvanced Accountancy _918411 |
||
| 690 |
_aAccountancy _918412 |
||
| 906 | _a059774 | ||
| 942 |
_2ddc _cBK |
||
| 999 |
_c107089 _d107089 |
||